| 000 | 00618nam a2200181 a 4500 | ||
|---|---|---|---|
| 001 | 000028326 | ||
| 005 | 20240229073831.0 | ||
| 008 | 110408s1991 dr 000 0 spa d | ||
| 040 |
_aDO-SdBNP _bspa _cBNPHU |
||
| 082 |
_axxx _bH557m |
||
| 100 | 1 |
_aHernández, Ángela, _d1954- _92564 |
|
| 245 | 1 | 4 |
_aLas mujeres en la coyuntura actual : _balgunas reflexiones / _cAngela Hernández. |
| 260 |
_aSanto Domingo : _bTalleres Gráficos de Editora Tele-3: _bCentro de Solidaridad para El Desarrollo de la Mujer, _c1991. |
||
| 300 |
_a17 p. ; _c21 cm. |
||
| 490 | 1 |
_aPresente _v1 |
|
| 830 | 0 |
_aPresente _v1 _955310 |
|
| 049 | _aBNGR | ||
| 999 |
_c27818 _d27818 |
||